International Migration of Highly Skilled Labour and its Controversial Impact on the Country of Origin of the Migrant dizertačná práca

Salvato in:
Dettagli Bibliografici
Autore principale: Véghová Vančo, Veronika, 1991-
Ente Autore: Národohospodárska fakulta EU. Katedra ekonómie
Altri autori: Přívara, Andrej, 1983-
Natura: Libro
Lingua:inglese
Pubblicazione: Bratislava 2024
Soggetti:
Tags: Aggiungi Tag
Nessun Tag, puoi essere il primo ad aggiungerne!!

MARC

LEADER 00000nbm a2200000 4500
001 0304027
005 20241009134220.1
041 0 |a eng 
044 |a SK 
245 1 0 |a International Migration of Highly Skilled Labour and its Controversial Impact on the Country of Origin of the Migrant  |b dizertačná práca  |c Veronika Véghová Vančo ; školiteľ: Andrej Přívara 
264 1 |a Bratislava  |c 2024 
300 |a 102 s. 
610 2 0 |a migrácia 
610 2 0 |a sily pracovné 
610 2 0 |a remitencie 
610 2 0 |a trh práce 
610 2 0 |a rast hospodársky 
610 2 0 |a stredná Európa 
610 2 0 |a východná Európa 
100 1 |a Véghová Vančo, Veronika, 1991- 
700 1 |a Přívara, Andrej, 1983- 
710 2 |a Národohospodárska fakulta EU. Katedra ekonómie